=LDR 00000nam 2200000 4500 =001 INLIS000000000022508 =005 20130612121246 =008 ***********************************Ind** =035 ##$$0010-061300000022508 =041 ##$$a Ind =082 ##$$a 658.403 304 =090 ##$$a 658.403 304, Guj-e =100 ##$$a Gujarati, Damodar =245 ##$$a Ekonometrika dasar, Damodar Gujarati =260 ##$$a (19...?) $b Jakarta =300 ##$$a xiii, 417 hlm., ilus, 24 cm =850 ##$$a NBPNMAT =990 ##$$a 65456545 =990 ##$$a 01201806540